000 00419nam a2200181Ia 4500
001 679
005 20260306140535.0
008 260306t1980||||xx |||||||||||||| ||spa||
041 _aESP
082 _a128.4
_bL48
100 _aLepp, Ignace
_eAUT
245 0 _aLa comunicación de las existencias
260 _c1980
300 _a163 pƔginas :
_c22 cm.
650 _aGEN
654 _aCHU
942 _cLIB
_dJUS
_fJUS
_2ddc
_n
999 _c679
_d679